000 00314nam a2200133Ia 4500
008 191201s2008 xx 000 0 und d
100 _aINMON,William H
245 0 _aBuilding the data warehouse
250 _a4th ,Rep
260 _c2008
_bJohn Wiley
_aN. delhi
300 _a543
650 _aCSE
942 _2ddc
_cBB
999 _c7334
_d7334